Perth Train Network Map - Statistics

General Stats
  • This quiz has been taken 723 times
    215 since last reset
  • The average score is 56 of 85
Answers on the Map
Answers color-coded by a green-red scale on the quiz's map according to % correct below.
 
Answer Stats
Station % Correct
Perth
97%
Fremantle
95%
Mandurah
87%
Yanchep
87%
Joondalup
86%
Armadale
84%
East Perth
81%
North Fremantle
81%
Ellenbrook
80%
Rockingham
80%
Subiaco
79%
Elizabeth Quay
78%
Leederville
78%
Midland
77%
Perth Underground
77%
Cockburn Central
76%
Thornlie
76%
Claisebrook
75%
Claremont
75%
High Wycombe
75%
Stirling
75%
Victoria Park
75%
Butler
74%
McIver
74%
Murdoch
74%
Canning Bridge
73%
City West
73%
Bayswater
71%
Cannington
70%
Perth Stadium
70%
Redcliffe
70%
Burswood
69%
Cottesloe
69%
Morley
69%
Alkimos
68%
Showgrounds
68%
West Leederville
68%
Bull Creek
67%
Clarkson
67%
Kwinana
67%
Airport Central
66%
Guildford
66%
Whiteman Park
66%
Warwick
65%
Bassendean
64%
Glendalough
64%
Mount Lawley
64%
Ranford Road
64%
Daglish
63%
Maylands
63%
Warnbro
63%
Beckenham
62%
Eglinton
62%
Whitfords
62%
Aubin Grove
60%
Currambine
60%
Nicholson Road
60%
Greenwood
59%
Edgewater
58%
Gosnells
58%
Karrakatta
58%
Lakelands
58%
Mosman Park
58%
Meltham
57%
Shenton Park
57%
Wellard
57%
Carlisle
56%
Loch Street
56%
Oats Street
55%
Kelmscott
54%
Queens Park
54%
Woodbridge
54%
Kenwick
53%
Swanbourne
53%
East Guildford
52%
Noranda
52%
Maddington
51%
Ashfield
49%
Ballajura
49%
Grant Street
49%
Victoria Street
47%
Challis
46%
Success Hill
46%
Seaforth
45%
Sherwood
41%
No matching quizzes found
Score Distribution
Percent of People with Each Score
Percentile by Number Answered
Your Score History
You have not taken this quiz since the last reset